00888nas a2200241Ia 4500001001100000003000900011008004100020040001300061040001300074041001300087100003800100210001800138222001800156245008700174250001100261260004900272501008600321300001100407310001500418362004000433500011900473650005400592R138/A4104IT-RoPAU151124c99999999xx |||||||||||| ||und|| aIT-RoPAU cIT-RoPAU aITALIANO aAA.VV. gCodice Aut. SPICS: 12000 aFAMIGLIA OGGI aFamiglia Oggi aFAMIGLIA OGGI, N.45 (MAGGIO-GIUGNO 1990)bFamiglia Oggi, N.45 (Maggio-Giugno 1990) a1a ed. aMILANObASSOCIAZIONE D. GIUSEPPE ZILLIc1990 bPaulus - SPICS - Società San Paolo EM (non-commercial uses only)cCopyright2015 a148 p. aBIMESTRALE aANNO 013, N.45 (MAGGIO-GIUGNO 1990) aMass Media e Famiglia. Contributi di Autori Vari. Dossier su Chiesa e Sport per la Promozione Integrale dell'Uomo. aCOMUNICAZIONE - FAMIGLIAvPUBBLICAZIONE PERIODICA